Škoda za 38 tisíc korún miesto trestného činu - parkovisko

Bibliographic Details
Main Author: (r) (Author)
Format: Article
Language:Slovak
Subjects:

MARC

LEADER 00000nab a2200000 a 4500
001 vtls001024203
003 SK-MaSNL
005 20260304010937.0
008 040720e19970904xo 0 slo
035 |a SL2770 
040 |a SLLK  |b slo  |c SLLK  |e AACR2 
041 0 |a slo 
044 |a xo  |c SK 
080 |a 343.711  |2 1981 
100 0 |a (r)  |4 aut  |9 636179 
245 1 0 |a Škoda za 38 tisíc korún  |b miesto trestného činu - parkovisko 
610 2 7 |a Ľubovnianske kúpele (Slovensko)  |2 SLLK  |9 194959 
650 0 7 |a trestné činy  |2 SLLK  |9 2181 
650 0 7 |a krádeže  |2 SLLK  |9 2230 
650 0 7 |a automobily osobné  |2 SLLK  |9 838476 
650 0 7 |a súdničky  |2 SLLK  |9 1029452 
655 7 |a periodikum  |2 snkbucl  |9 29553 
773 0 8 |t Ľubovnianske noviny  |g Roč. 23, č.35, 4.9.1997, s. 3 
852 |a ZVYKNI  |b KIS3GCP 
999 |c 2563713  |d 2565643